<?xml version="1.0" encoding="UTF-8" ?>
<collection xmlns="http://www.loc.gov/MARC21/slim"><record><leader>01139nam a2200289 c 4500</leader><controlfield tag="001">20025</controlfield><controlfield tag="003">CH-000273-5</controlfield><controlfield tag="005">20170425165850.0</controlfield><datafield tag="035" ind1=" " ind2=" "><subfield code="a">(OCoLC)906875622</subfield></datafield><datafield tag="040" ind1=" " ind2=" "><subfield code="a">CH-000273-5</subfield><subfield code="b">ger</subfield><subfield code="e">rda</subfield></datafield><datafield tag="041" ind1=" " ind2=" "><subfield code="a">fre</subfield></datafield><datafield tag="100" ind1="1" ind2="0"><subfield code="0">(DE-588)119001926</subfield><subfield code="a">Pansaers, Clément </subfield><subfield code="d">1885-1922</subfield><subfield code="e">Verfasser</subfield><subfield code="4">aut</subfield></datafield><datafield tag="245" ind1="0" ind2="3"><subfield code="a">Le Pan Pan au cul du nu nègre</subfield><subfield code="b">avec une gravure par l&apos;auteur</subfield><subfield code="c">Clément Pansaers</subfield></datafield><datafield tag="264" ind1="0" ind2="1"><subfield code="a">Bruxelles</subfield><subfield code="b">Editions Alde</subfield><subfield code="c">1920</subfield></datafield><datafield tag="300" ind1=" " ind2=" "><subfield code="a">32 ungezählte Seiten</subfield><subfield code="b">Illustrationen, schwarzweiss</subfield><subfield code="c">21 x 14 cm</subfield></datafield><datafield tag="336" ind1=" " ind2=" "><subfield code="a">Text</subfield><subfield code="b">txt</subfield><subfield code="2">rdacontent</subfield></datafield><datafield tag="336" ind1=" " ind2=" "><subfield code="a">unbewegtes Bild</subfield><subfield code="b">sti</subfield><subfield code="2">rdacontent</subfield></datafield><datafield tag="337" ind1=" " ind2=" "><subfield code="a">ohne Hilfsmittel zu benutzen</subfield><subfield code="b">n</subfield><subfield code="2">rdamedia</subfield></datafield><datafield tag="338" ind1=" " ind2=" "><subfield code="a">Band</subfield><subfield code="b">nc</subfield><subfield code="2">rdacarrier</subfield></datafield><datafield tag="490" ind1=" " ind2=" "><subfield code="a">Collection AIO</subfield></datafield><datafield tag="510" ind1="4" ind2="0"><subfield code="a">Dada global, 1994</subfield><subfield code="c">S. 170, Nr. 78</subfield></datafield><datafield tag="562" ind1=" " ind2=" "><subfield code="b">Exemplar-Nr. 57 von 515</subfield></datafield><datafield tag="600" ind1="1" ind2="7"><subfield code="a">Pansaers, Clément</subfield><subfield code="d">1885-1922</subfield><subfield code="2">gnd</subfield></datafield><datafield tag="610" ind1="2" ind2="7"><subfield code="a">Kunsthaus Zürich</subfield><subfield code="x">Dadaismus</subfield><subfield code="x">Sammlung</subfield><subfield code="2">gnd</subfield></datafield><datafield tag="775" ind1=" " ind2=" "><subfield code="a">Pansaers, Clément</subfield><subfield code="t">Le Pan Pan au cul du nu nègre</subfield><subfield code="w">(CH-000273-5)199774</subfield></datafield><datafield tag="852" ind1="4" ind2="0"><subfield code="a">CH-000273-5</subfield><subfield code="c">DADA I:91</subfield></datafield><datafield tag="856" ind1="4" ind2="1"><subfield code="u">https://digital.kunsthaus.ch/viewer/image/20025/1/</subfield><subfield code="y">Kunsthaus Zürich Sammlungen online</subfield></datafield></record></collection>